| Tag |
First Indicator |
Second Indicator |
Subfields |
| LEADER |
00000cam a2200000 4500 |
| 001 |
in00000229021 |
| 005 |
20151009081956.0 |
| 008 |
790321s1954 enk 00000 eng |
| 010 |
|
|
|a 55000142
|
| 035 |
|
|
|a (OCoLC)04764542
|
| 035 |
|
|
|9 AAZ7462AM
|
| 040 |
|
|
|a DLC
|c CLE
|d TXA
|d UtOrBLW
|
| 049 |
|
|
|a TXAM
|c [245164]
|
| 050 |
|
0 |
|a HC253
|b .C67
|
| 082 |
0 |
|
|a 330.942
|
| 100 |
1 |
|
|a Court, W. H. B.
|q (William Henry Bassano)
|
| 245 |
1 |
2 |
|a A concise economic history of Britain :
|b from 1750 to recent times.
|
| 264 |
|
1 |
|a Cambridge [England] :
|b University Press,
|c 1954.
|
| 300 |
|
|
|a 368 pages ;
|c 21 cm.
|
| 336 |
|
|
|a text
|b txt
|2 rdacontent
|
| 337 |
|
|
|a unmediated
|b n
|2 rdamedia
|
| 338 |
|
|
|a volume
|b nc
|2 rdacarrier
|
| 500 |
|
|
|a A sequel to Sir John Clapham's A concise economic history of Britain from the earliest times to A.D. 1750.
|
| 651 |
|
0 |
|a Great Britain
|x Economic conditions.
|
| 999 |
|
|
|a MARS
|
| 999 |
f |
f |
|s 545e0007-ea22-34cb-aebc-61ea04014669
|i 858eb887-d937-31a5-b2f4-0705f88d057c
|t 0
|
| 952 |
f |
f |
|p ric
|a Texas A&M University
|b Rellis Campus
|c Joint Library Facility
|d Remote Storage
|t 0
|e HC253 .C67
|h Library of Congress classification
|i unmediated -- volume
|m A14802592652
|
| 998 |
f |
f |
|a HC253 .C67
|t 0
|l Remote Storage
|